000 00348nam a2200133 a 4500
005 20140414093847.0
008 110304s19uu xx 00 eng d
050 _aCD 499.2118
_bF47 2008
245 _aFilipino (tagalog) phrasebook and cd.
260 _aSingapore :
_bGMBH and CO,
_c2008.
650 _aFilipino
942 _cAVM
999 _c109719
_d109719